[Event "London Classic op"]
[Site "London"]
[Date "2009.12.13"]
[Round "7"]
[White "Rowe, Duane"]
[Black "Crawley, Gavin"]
[Result "1-0"]
[WhiteElo "2194"]
[BlackElo "2407"]
[PlyCount "57"]
[EventDate "2009.12.08"]
[EventType "swiss"]
[EventRounds "9"]
[EventCountry "ENG"]
[SourceTitle "CBM 133 Extra"]
[Source "ChessBase"]
[SourceDate "2010.01.05"]
[SourceVersion "1"]
[SourceVersionDate "2010.01.05"]
[SourceQuality "1"]

1. e4 e5 2. Nf3 Nc6 3. Bc4 Nf6 4. d3 Bc5 5. 0-0 d6 6. c3 0-0 7. b4 Bb6 8. a4 a6 9. Bg5 h6 10. Bh4 a5 11. b5 Ne7 12. Bxf6 gxf6 13. Nh4 c6 14. Qh5 d5 15. Bb3 Kh7 16. d4 exd4 17. Bc2 Kg7 18. cxd4 dxe4 19. Ra3 Qxd4 20. Rg3+ Kh7 21. Nf3 Qd5 22. Qh4 Bf5 23. Nc3 Qe6 24. Nxe4 Bxe4 25. Bxe4+ Ng6 26. Re1 Qa2 27. Rh3 Rh8 28. Bxg6+ Kxg6 29. Rg3+ 1-0

[Event "London Classic op"]
[Site "London"]
[Date "2009.12.12"]
[Round "6"]
[White "Crawley, Gavin"]
[Black "Osborne, Marcus E"]
[Result "1-0"]
[WhiteElo "2407"]
[BlackElo "2232"]
[PlyCount "99"]
[EventDate "2009.12.08"]
[EventType "swiss"]
[EventRounds "9"]
[EventCountry "ENG"]
[SourceTitle "CBM 133 Extra"]
[Source "ChessBase"]
[SourceDate "2010.01.05"]
[SourceVersion "1"]
[SourceVersionDate "2010.01.05"]
[SourceQuality "1"]

1. e4 e6 2. d4 d5 3. Nc3 Bb4 4. e5 Ne7 5. Bd2 c5 6. a3 Bxc3 7. Bxc3 b6 8. Qg4 Nf5 9. Bd3 h5 10. Qe2 Nh4 11. g3 c4 12. gxh4 cxd3 13. Qxd3 Qxh4 14. Nf3 Qf4 15. Rg1 Ba6 16. Qe3 Qxe3+ 17. fxe3 0-0 18. Kd2 f6 19. Bb4 Rf7 20. Rg2 Nc6 21. Rag1 fxe5 22. Ng5 Rf1 23. Nxe6 Rxg1 24. Rxg1 Bc8 25. Rxg7+ Kh8 26. Rg6 exd4 27. Nc7 Ne5 28. Rh6+ Kg7 29. Rxh5 Nf3+ 30. Kd3 Bg4 31. Rxd5 Rc8 32. Bd6 Ne1+ 33. Kxd4 Nxc2+ 34. Ke4 Kf7 35. Rd2 Ne1 36. Rf2+ Kg6 37. Rf1 Rd8 38. Rxe1 Rxd6 39. Rg1 Kh5 40. Nd5 Bc8 41. Ke5 Rc6 42. Rg2 Rc5 43. e4 Rc4 44. Nf6+ Kh4 45. Rg7 Rc2 46. Rh7+ Kg5 47. h4+ Kg6 48. h5+ Kg5 49. Rg7+ Kh4 50. h6 1-0

[Event "BCF-ch 87th"]
[Site "Millfield"]
[Date "2000.08.07"]
[Round "7"]
[White "Emms, John M"]
[Black "Crawley, Gavin"]
[Result "1/2-1/2"]
[WhiteElo "2527"]
[BlackElo "2401"]
[PlyCount "74"]
[EventDate "2000.07.31"]
[EventType "swiss"]
[EventRounds "11"]
[EventCountry "ENG"]
[SourceTitle "CBM 077 Extra"]
[Source "ChessBase"]
[SourceDate "2000.09.14"]
[SourceVersion "1"]
[SourceVersionDate "2000.09.14"]
[SourceQuality "1"]

1. e4 c5 2. Nf3 Nc6 3. Nc3 d6 4. d4 cxd4 5. Nxd4 Nf6 6. Bc4 e6 7. Be3 a6 8. Bb3 Qc7 9. f4 Na5 10. f5 e5 11. Nde2 b5 12. Nd5 Nxd5 13. Bxd5 Nc4 14. Bf2 Rb8 15. b3 Nb6 16. Bxb6 Qxb6 17. Qd3 Be7 18. 0-0-0 Bd7 19. Kb1 Rc8 20. g4 b4 21. h4 Bb5 22. Qf3 h6 23. c4 bxc3 24. Nxc3 Rc7 25. Rc1 0-0 26. Nxb5 Rxc1+ 27. Rxc1 axb5 28. Qg3 Qd8 29. Rh1 Qc7 30. Rc1 Qd8 31. Rh1 Qc7 32. g5 Rc8 33. gxh6 Qc2+ 34. Ka1 Bf6 35. hxg7 Qd2 36. Kb1 Qc2+ 37. Ka1 Qd2 1/2-1/2

[Event "BCF-ch 87th"]
[Site "Millfield"]
[Date "2000.08.01"]
[Round "2"]
[White "Crawley, Gavin"]
[Black "Crouch, Colin S"]
[Result "1/2-1/2"]
[WhiteElo "2401"]
[BlackElo "2448"]
[PlyCount "91"]
[EventDate "2000.07.31"]
[EventType "swiss"]
[EventRounds "11"]
[EventCountry "ENG"]
[SourceTitle "CBM 077 Extra"]
[Source "ChessBase"]
[SourceDate "2000.09.14"]
[SourceVersion "1"]
[SourceVersionDate "2000.09.14"]
[SourceQuality "1"]

1. e4 Nf6 2. Nc3 d5 3. e5 Ne4 4. Nf3 g6 5. d4 Nxc3 6. bxc3 c5 7. Bb5+ Nc6 8. 0-0 Qa5 9. Qe2 Bg7 10. c4 a6 11. Bd2 Qc7 12. cxd5 axb5 13. Qxb5 cxd4 14. dxc6 0-0 15. Rfe1 Rd8 16. Bb4 bxc6 17. Qc5 Rd5 18. Qxe7 Qxe7 19. Bxe7 Bg4 20. Bd6 Bxf3 21. gxf3 Bf8 22. Bxf8 Kxf8 23. Red1 Ra4 24. f4 Ke7 25. Kg2 Ke6 26. Rd3 Kf5 27. Kf3 Rc5 28. Rc1 Rc3 29. Rxc3 dxc3 30. Rd1 Rxf4+ 31. Kg3 Rg4+ 32. Kf3 Rc4 33. Rd7 Ke6 34. Rc7 Kxe5 35. Rxf7 Ra4 36. Rxh7 Rxa2 37. Re7+ Kf5 38. Re2 Ra4 39. Re3 Rc4 40. Ke2 g5 41. h3 c5 42. Rf3+ Ke4 43. Rg3 Kf5 44. Kd3 Rf4 45. f3 Rh4 46. Kxc3 1/2-1/2

[Event "Tanta op 3rd"]
[Site "Tanta"]
[Date "2000.05.10"]
[Round "7"]
[White "Donchenko, Anatoly G"]
[Black "Crawley, Gavin"]
[Result "1/2-1/2"]
[WhiteElo "2428"]
[BlackElo "2400"]
[PlyCount "145"]
[EventDate "2000.05.03"]
[EventType "swiss"]
[EventRounds "9"]
[EventCountry "EGY"]
[SourceTitle "CBM 076 Extra"]
[Source "ChessBase"]
[SourceDate "2000.07.11"]
[SourceVersion "1"]
[SourceVersionDate "2000.07.11"]
[SourceQuality "1"]

1. Nf3 Nf6 2. c4 e6 3. g3 d5 4. Bg2 c5 5. cxd5 Nxd5 6. 0-0 Nc6 7. d4 Be7 8. Nc3 Nxc3 9. bxc3 0-0 10. a4 Bd7 11. e4 cxd4 12. cxd4 Rc8 13. Rb1 Nb4 14. Ne5 Be8 15. d5 exd5 16. exd5 f6 17. Qb3 Kh8 18. Bd2 a5 19. Nc4 Bxa4 20. Qxa4 Rxc4 21. Be3 Rc3 22. Rfd1 Rxe3 23. fxe3 Bd6 24. Rbc1 Qe7 25. e4 b6 26. Qb5 Bc5+ 27. Kh1 Qd6 28. Qe2 a4 29. Ra1 Ra8 30. Qb2 Kg8 31. Bf1 Qe7 32. d6 Bxd6 33. Rxa4 Rxa4 34. Qb3+ Kf8 35. Qxa4 Qxe4+ 36. Bg2 Qe7 37. Qa8+ Kf7 38. Qc8 g6 39. Bf3 Kg7 40. Kg2 h5 41. Rd2 Kh7 42. Rd4 Kg7 43. Re4 Qf7 44. Kh3 f5 45. Re2 Kh7 46. Rd2 Qe7 47. Bd1 f4 48. Re2 Qg5 49. Re8 Be5 50. Qd7+ Bg7 51. Re7 Qf6 52. Rf7 Qe5 53. gxf4 Qc3+ 54. Kg2 Kh6 55. Be2 Nc2 56. Re7 Ne3+ 57. Kf2 Nf5 58. Re6 Bd4+ 59. Kf1 Qc1+ 60. Kg2 Qxf4 61. Qd5 Ne3+ 62. Rxe3 Qxe3 63. Qf3 Qe7 64. Bd3 Qg5+ 65. Kh3 b5 66. Bxb5 Qxb5 67. Qf4+ g5 68. Qd6+ Kh7 69. Qxd4 Qf1+ 70. Kg3 Qe1+ 71. Kg2 Qe6 72. Kf3 Kg6 73. Qe4+ 1/2-1/2

[Event "Tanta op 3rd"]
[Site "Tanta"]
[Date "2000.05.09"]
[Round "6"]
[White "Crawley, Gavin"]
[Black "Kalod, Radek"]
[Result "1/2-1/2"]
[WhiteElo "2400"]
[BlackElo "2445"]
[PlyCount "58"]
[EventDate "2000.05.03"]
[EventType "swiss"]
[EventRounds "9"]
[EventCountry "EGY"]
[SourceTitle "CBM 076 Extra"]
[Source "ChessBase"]
[SourceDate "2000.07.11"]
[SourceVersion "1"]
[SourceVersionDate "2000.07.11"]
[SourceQuality "1"]

1. e4 c5 2. Nf3 e6 3. d4 cxd4 4. Nxd4 a6 5. Bd3 Nf6 6. 0-0 Qc7 7. Qe2 d6 8. b3 Nbd7 9. Bb2 Be7 10. f4 0-0 11. Nd2 Nc5 12. Rf3 e5 13. fxe5 dxe5 14. Nf5 Bxf5 15. Rxf5 Nxd3 16. cxd3 Nd7 17. Rc1 Qb6+ 18. Kh1 Rac8 19. Nc4 Qe6 20. Rc2 f6 21. Rf1 Nb8 22. Rfc1 Nc6 23. Nb6 Rcd8 24. Nd5 Rf7 25. a3 Bf8 26. Rc4 Rfd7 27. h3 Ne7 28. Nxe7+ Bxe7 29. R1c3 Bf8 1/2-1/2

[Event "Tanta op 3rd"]
[Site "Tanta"]
[Date "2000.05.06"]
[Round "4"]
[White "Crawley, Gavin"]
[Black "Rahman, Yehya"]
[Result "1-0"]
[WhiteElo "2400"]
[BlackElo "2273"]
[PlyCount "53"]
[EventDate "2000.05.03"]
[EventType "swiss"]
[EventRounds "9"]
[EventCountry "EGY"]
[SourceTitle "CBM 076 Extra"]
[Source "ChessBase"]
[SourceDate "2000.07.11"]
[SourceVersion "1"]
[SourceVersionDate "2000.07.11"]
[SourceQuality "1"]

1. e4 c5 2. Nf3 d6 3. d4 cxd4 4. Nxd4 Nf6 5. Nc3 a6 6. Bg5 e6 7. Be2 Nbd7 8. Qd2 Qc7 9. 0-0 b5 10. a3 Bb7 11. Rae1 Be7 12. Bd3 h6 13. Bh4 g5 14. Bg3 Nh5 15. Bxb5 axb5 16. Ndxb5 Qb6 17. Bxd6 Rc8 18. Re3 Rxc3 19. Qxc3 Qxb5 20. Qxh8+ Nf8 21. Bxe7 Kxe7 22. Rb3 Qc6 23. Qxh6 Nf6 24. Qxg5 Qxe4 25. Qc5+ Ke8 26. f3 Qd5 27. Qc7 1-0

[Event "Lugano op"]
[Site "Lugano"]
[Date "1989.03.10"]
[Round "8"]
[White "Crawley, Gavin"]
[Black "Kljako, Damir"]
[Result "1-0"]
[WhiteElo "2385"]
[BlackElo "2345"]
[PlyCount "71"]
[EventDate "1989.03.03"]
[EventType "swiss"]
[EventRounds "9"]
[EventCountry "SUI"]
[SourceTitle "TD"]
[Source "ChessBase"]
[SourceDate "1994.03.01"]
[SourceVersion "1"]
[SourceVersionDate "1994.03.01"]
[SourceQuality "1"]

1. e4 d6 2. d4 g6 3. Be3 Bg7 4. Qd2 c5 5. c3 Nf6 6. f3 cxd4 7. cxd4 Nc6 8. Nc3 0-0 9. Nge2 a6 10. Rc1 Bd7 11. g4 e5 12. d5 Ne7 13. Ng3 Ne8 14. Rg1 Kh8 15. Bd3 b5 16. Rc2 Nc8 17. h4 Nb6 18. h5 Rc8 19. Rh1 Kg8 20. hxg6 fxg6 21. Qh2 h5 22. Rf2 b4 23. Nd1 Rf4 24. gxh5 g5 25. h6 Bf6 26. Qh5 Bb5 27. Bxb5 axb5 28. h7+ Kh8 29. Qf7 Ng7 30. Qg8+ Qxg8 31. hxg8Q+ Kxg8 32. Bxb6 Be7 33. Be3 Rff8 34. Rfh2 Kf7 35. Rh7 Bf6 36. Nf5 1-0

[Event "Lugano op"]
[Site "Lugano"]
[Date "1989.03.08"]
[Round "6"]
[White "Crawley, Gavin"]
[Black "Grynszpan, Mariano"]
[Result "1-0"]
[WhiteElo "2385"]
[BlackElo "2390"]
[PlyCount "79"]
[EventDate "1989.03.03"]
[EventType "swiss"]
[EventRounds "9"]
[EventCountry "SUI"]
[SourceTitle "TD"]
[Source "ChessBase"]
[SourceDate "1994.03.01"]
[SourceVersion "1"]
[SourceVersionDate "1994.03.01"]
[SourceQuality "1"]

1. e4 e6 2. d4 d5 3. Nd2 c5 4. c3 cxd4 5. cxd4 Nc6 6. Ngf3 dxe4 7. Nxe4 Be7 8. Bd3 Nf6 9. 0-0 0-0 10. Be3 Nb4 11. Bb1 b6 12. Nfg5 g6 13. Qf3 Nbd5 14. Qh3 Nh5 15. Rd1 f5 16. Nxh7 Kxh7 17. g4 fxg4 18. Qxg4 Ndf4 19. Kh1 e5 20. Qf3 Ba6 21. Nc3 Nd3 22. Qe4 Nhf4 23. Bxd3 Bxd3 24. Rxd3 Nxd3 25. Qxd3 exd4 26. Bxd4 Qd7 27. Re1 Bf6 28. Re4 Rad8 29. Qe2 Qf5 30. Re7+ Bxe7 31. Qxe7+ Kh6 32. Bg7+ Kh5 33. Bxf8 Rxf8 34. Ne4 Kg4 35. Kg1 Rf7 36. Qb4 Qf4 37. Qc4 Kh4 38. Qd4 Qg4+ 39. Kf1 Qh3+ 40. Ke1 1-0

[Event "Lugano op"]
[Site "Lugano"]
[Date "1989.03.06"]
[Round "4"]
[White "Crawley, Gavin"]
[Black "Heckler, Mario"]
[Result "1-0"]
[WhiteElo "2385"]
[BlackElo "2245"]
[PlyCount "139"]
[EventDate "1989.03.03"]
[EventType "swiss"]
[EventRounds "9"]
[EventCountry "SUI"]
[SourceTitle "TD"]
[Source "ChessBase"]
[SourceDate "1994.03.01"]
[SourceVersion "1"]
[SourceVersionDate "1994.03.01"]
[SourceQuality "1"]

1. e4 e6 2. d4 d5 3. Nd2 c5 4. c3 Nf6 5. Bd3 Nc6 6. Ngf3 cxd4 7. cxd4 Be7 8. 0-0 0-0 9. e5 Nd7 10. a3 a5 11. Re1 Nb6 12. Nf1 a4 13. h4 Bd7 14. N1h2 Rc8 15. Ng5 h6 16. Bh7+ Kh8 17. Bb1 Qe8 18. Ng4 f5 19. exf6 hxg5 20. fxe7 Nxe7 21. Bxg5 Nf5 22. Ne3 Nd6 23. Be7 Qf7 24. Bxf8 Rxf8 25. Ng4 Nbc4 26. Qd3 Qh5 27. Ne5 Nxe5 28. Rxe5 Qxh4 29. Qe2 Kg8 30. Rh5 Qxd4 31. Bg6 Rf6 32. Rd1 Qf4 33. Bd3 Be8 34. Rh3 Qg5 35. Rg3 Qh4 36. Rc1 Rh6 37. Rh3 Qg5 38. Qe3 Qxe3 39. Rxe3 Bc6 40. Rc5 Kf7 41. Kf1 Rf6 42. Ke2 Ke7 43. Rg3 Kf7 44. Rg5 Rh6 45. Ke3 Kf6 46. f4 Rh4 47. Kf3 Rh1 48. Ra5 Nc4 49. Ra8 Nxb2 50. Ke2 Nxd3 51. Kxd3 Rd1+ 52. Ke2 Ra1 53. Rg8 Rxa3 54. R8xg7 d4 55. g4 Be4 56. Rd7 Ra2+ 57. Ke1 d3 58. Rgg7 d2+ 59. Ke2 Bg6 60. f5 exf5 61. g5+ Kxg5 62. Rd6 a3 63. Rdxg6+ Kf4 64. Rxb7 Ra1 65. Rb4+ Ke5 66. Kxd2 a2 67. Ra6 Rh1 68. Ra5+ Kf6 69. Rba4 Rh2+ 70. Ke3 1-0

[Event "Barnsdale YM"]
[Site "Barnsdale"]
[Date "1989.??.??"]
[Round "?"]
[White "Crawley, Gavin"]
[Black "Littlewood, Paul E"]
[Result "1-0"]
[WhiteElo "2385"]
[BlackElo "2460"]
[PlyCount "105"]
[EventDate "1989.??.??"]
[EventType "swiss"]
[EventRounds "9"]
[EventCountry "ENG"]
[SourceTitle "TD"]
[Source "ChessBase"]
[SourceDate "1994.03.01"]
[SourceVersion "1"]
[SourceVersionDate "1994.03.01"]
[SourceQuality "1"]

1. e4 e5 2. Nf3 Nc6 3. Bb5 a6 4. Bxc6 dxc6 5. 0-0 f6 6. d4 exd4 7. Nxd4 c5 8. Nb3 Qxd1 9. Rxd1 Bg4 10. f3 Be6 11. Bf4 c4 12. Na5 Bc5+ 13. Kf1 Bb6 14. b4 cxb3 15. axb3 Ne7 16. Nxb7 Nc6 17. c4 Bd4 18. Ra2 0-0 19. Bxc7 Rf7 20. Na5 Nb4 21. Rad2 Rxc7 22. Rxd4 Kf7 23. Ke2 Raa7 24. Rd6 Rc5 25. Rb6 Rxa5 26. Rxb4 Rg5 27. g3 a5 28. Ra4 Rb7 29. Nd2 Bd7 30. Ra3 Rb4 31. Rda1 a4 32. bxa4 Ra5 33. Kd3 Raxa4 34. Rxa4 Rxa4 35. Rxa4 Bxa4 36. Kd4 Ke6 37. Kc5 g5 38. f4 gxf4 39. gxf4 Kd7 40. Nf3 Bc6 41. Kd4 Ke6 42. f5+ Ke7 43. Ne1 Kf7 44. Nd3 Kg7 45. Nf4 Kh6 46. h4 Ba4 47. Nd5 Kg7 48. c5 Kf7 49. e5 fxe5+ 50. Kxe5 Bb5 51. Nf6 h6 52. Ng4 Be2 53. c6 1-0

[Event "BCF-ch 76th"]
[Site "Plymouth"]
[Date "1989.??.??"]
[Round "?"]
[White "Hebden, Mark"]
[Black "Crawley, Gavin"]
[Result "1-0"]
[WhiteElo "2520"]
[BlackElo "2380"]
[PlyCount "45"]
[EventDate "1989.07.??"]
[EventType "swiss"]
[EventRounds "11"]
[EventCountry "ENG"]
[SourceTitle "CBM 015"]
[Source "ChessBase"]
[SourceDate "1990.04.01"]
[SourceVersion "1"]
[SourceVersionDate "1990.04.01"]
[SourceQuality "1"]

1. d4 Nf6 2. Nf3 b6 3. Bg5 Ne4 4. Bh4 Bb7 5. Nbd2 g6 6. Nxe4 Bxe4 7. Nd2 Bb7 8. e4 Bg7 9. c3 0-0 10. Bd3 d5 11. Qe2 c5 12. exd5 Qxd5 13. Be4 Qd7 14. dxc5 bxc5 15. Rd1 Na6 16. Nc4 Qc7 17. Bxb7 Qxb7 18. 0-0 Rfe8 19. Rfe1 h6 20. Bxe7 Bf8 21. Nd6 Qd7 22. Nxe8 Rxe8 23. Qf1 1-0

[Event "Aarhus op"]
[Site "Aarhus"]
[Date "1989.??.??"]
[Round "8"]
[White "Jacobsen, Bo"]
[Black "Crawley, Gavin"]
[Result "0-1"]
[WhiteElo "2290"]
[BlackElo "2385"]
[PlyCount "80"]
[EventDate "1989.??.??"]
[EventType "swiss"]
[EventRounds "9"]
[EventCountry "DEN"]
[SourceTitle "EXT 1998"]
[Source "ChessBase"]
[SourceDate "1997.11.17"]
[SourceVersion "1"]
[SourceVersionDate "1997.11.17"]
[SourceQuality "1"]

1. c4 e5 2. g3 g6 3. d4 exd4 4. Qxd4 Nf6 5. Nc3 Nc6 6. Qd2 Bg7 7. Bg2 a6 8. b3 b5 9. Bb2 bxc4 10. bxc4 0-0 11. Rd1 Bb7 12. Nd5 Re8 13. Nh3 Rb8 14. 0-0 Ne5 15. Bxe5 Rxe5 16. Nxf6+ Bxf6 17. Bxb7 Rxb7 18. Nf4 Rc5 19. Rc1 Bg5 20. Rc3 d6 21. Rb3 Rxb3 22. axb3 Qb8 23. Qc3 Bxf4 24. gxf4 Qc8 25. Ra1 Qg4+ 26. Kf1 Qxf4 27. Rxa6 f6 28. f3 Re5 29. Ra5 Qxh2 30. Rxe5 fxe5 31. c5 Qh1+ 32. Kf2 Qh4+ 33. Ke3 Qd4+ 34. Qxd4 exd4+ 35. Kxd4 dxc5+ 36. Kxc5 Kf7 37. Kd4 Kf6 38. Ke3 g5 39. f4 gxf4+ 40. Kxf4 c5 0-1

[Event "BCF-ch 76th"]
[Site "Plymouth"]
[Date "1989.??.??"]
[Round "?"]
[White "King, Daniel J"]
[Black "Crawley, Gavin"]
[Result "1/2-1/2"]
[WhiteElo "2495"]
[BlackElo "2380"]
[PlyCount "46"]
[EventDate "1989.07.??"]
[EventType "swiss"]
[EventRounds "11"]
[EventCountry "ENG"]
[SourceTitle "CBM 015"]
[Source "ChessBase"]
[SourceDate "1990.04.01"]
[SourceVersion "1"]
[SourceVersionDate "1990.04.01"]
[SourceQuality "1"]

1. d4 Nf6 2. c4 e6 3. Nc3 Bb4 4. e3 b6 5. Bd3 Bb7 6. Nf3 0-0 7. 0-0 c5 8. Bd2 cxd4 9. exd4 d5 10. cxd5 Nxd5 11. Qe2 Nd7 12. Rac1 N7f6 13. Ne5 Rc8 14. Rfd1 Qe7 15. Ba6 Rfd8 16. h3 Bd6 17. Bg5 Nxc3 18. bxc3 Bxa6 19. Qxa6 h6 20. Bxf6 Qxf6 21. Qxa7 Bxe5 22. dxe5 Rxd1+ 23. Rxd1 Qxe5 1/2-1/2

[Event "Aarhus op"]
[Site "Aarhus"]
[Date "1989.??.??"]
[Round "5"]
[White "Nielsen, J."]
[Black "Crawley, Gavin"]
[Result "1-0"]
[WhiteElo "2260"]
[BlackElo "2385"]
[PlyCount "67"]
[EventDate "1989.??.??"]
[EventType "swiss"]
[EventRounds "9"]
[EventCountry "DEN"]
[SourceTitle "EXT 1998"]
[Source "ChessBase"]
[SourceDate "1997.11.17"]
[SourceVersion "1"]
[SourceVersionDate "1997.11.17"]
[SourceQuality "1"]

1. e4 e5 2. Nf3 Nc6 3. d3 Nf6 4. g3 d5 5. exd5 Nxd5 6. Bg2 g6 7. 0-0 Bg7 8. Nc3 Nde7 9. Rb1 0-0 10. b4 Nd4 11. Nd2 c6 12. a4 Bf5 13. Nce4 Nd5 14. Bb2 Rc8 15. c3 Ne6 16. Nc4 Rc7 17. Ned6 Rd7 18. Nxf5 gxf5 19. Qh5 Qg5 20. Qxg5 Nxg5 21. h4 Ne6 22. Rfe1 Ne7 23. Bf1 f6 24. d4 b5 25. axb5 cxb5 26. dxe5 bxc4 27. Bxc4 Nd5 28. exf6 Rxf6 29. Bxd5 Rxd5 30. c4 Rd4 31. Bxd4 Nxd4 32. Re8+ Bf8 33. Rd1 Ne2+ 34. Rxe2 1-0

[Event "Barnsdale YM"]
[Site "Barnsdale"]
[Date "1989.??.??"]
[Round "?"]
[White "Suba, Mihai"]
[Black "Crawley, Gavin"]
[Result "1-0"]
[WhiteElo "2515"]
[BlackElo "2385"]
[PlyCount "109"]
[EventDate "1989.??.??"]
[EventType "swiss"]
[EventRounds "9"]
[EventCountry "ENG"]
[SourceTitle "TD"]
[Source "ChessBase"]
[SourceDate "1994.03.01"]
[SourceVersion "1"]
[SourceVersionDate "1994.03.01"]
[SourceQuality "1"]

1. c4 e6 2. g3 d5 3. Bg2 Nf6 4. Nf3 c5 5. cxd5 exd5 6. d4 Be7 7. 0-0 0-0 8. Nc3 Nc6 9. Bg5 Be6 10. dxc5 Bxc5 11. Bxf6 Qxf6 12. Nxd5 Qxb2 13. Nc7 Rad8 14. Qc1 Qxc1 15. Raxc1 Be7 16. Nxe6 fxe6 17. Rc4 Bf6 18. Rb1 Rd6 19. h4 h6 20. Rc2 b6 21. e3 Rfd8 22. Bf1 Kf8 23. Kg2 Ne5 24. Nd4 Ng4 25. Nb3 Ne5 26. Rbc1 Nd3 27. Bxd3 Rxd3 28. Kf3 a5 29. Ke2 a4 30. Nd2 b5 31. Rb1 Rc3 32. Rxc3 Bxc3 33. Ne4 b4 34. a3 g6 35. axb4 Bh8 36. Nc5 a3 37. Nxe6+ Ke7 38. Nxd8 Kxd8 39. Rd1+ Kc7 40. f4 a2 41. g4 Kc6 42. g5 hxg5 43. hxg5 a1Q 44. Rxa1 Bxa1 45. Kd3 Bb2 46. Kc2 Ba3 47. Kb3 Bc1 48. f5 Kd6 49. fxg6 Ke6 50. e4 Bxg5 51. Kc4 Kf6 52. Kd5 Kxg6 53. Ke6 Be3 54. e5 Bd4 55. b5 1-0

[Event "BCF-ch 76th"]
[Site "Plymouth"]
[Date "1989.??.??"]
[Round "?"]
[White "Wall, Tim"]
[Black "Crawley, Gavin"]
[Result "0-1"]
[WhiteElo "2200"]
[BlackElo "2380"]
[PlyCount "120"]
[EventDate "1989.07.??"]
[EventType "swiss"]
[EventRounds "11"]
[EventCountry "ENG"]
[SourceTitle "CBM 015"]
[Source "ChessBase"]
[SourceDate "1990.04.01"]
[SourceVersion "1"]
[SourceVersionDate "1990.04.01"]
[SourceQuality "1"]

1. e4 e5 2. Nf3 Nc6 3. Bb5 a6 4. Ba4 Nf6 5. d4 exd4 6. 0-0 Be7 7. e5 Ne4 8. Nxd4 0-0 9. Nf5 d5 10. Bxc6 bxc6 11. Nxe7+ Qxe7 12. Re1 Re8 13. f3 Nd6 14. Bf4 Nf5 15. Qd2 Rb8 16. b3 Rb4 17. c3 Rb6 18. Qf2 c5 19. Nd2 Rc6 20. Nf1 c4 21. b4 Rg6 22. Rad1 c6 23. Kh1 h6 24. g4 Qh4 25. Qxh4 Nxh4 26. Nd2 Rge6 27. Bg3 Ng6 28. f4 R6e7 29. h3 f5 30. exf6 Rxe1+ 31. Rxe1 Rxe1+ 32. Bxe1 Nxf4 33. Kh2 gxf6 34. Nf3 h5 35. gxh5 Nxh5 36. Bd2 Kf7 37. Nd4 Bd7 38. Kg2 Ke7 39. h4 Kd6 40. Be3 Bg4 41. Bg1 f5 42. Bh2+ f4 43. Kf2 c5 44. bxc5+ Kxc5 45. Ke1 Kd6 46. Nc2 Ke5 47. Bg1 Ke4 48. Nb4 a5 49. Na6 Ng3 50. Bb6 a4 51. Nc5+ Kf3 52. Nxa4 Kg2 53. Bd4 Ne2 54. Bf2 f3 55. Be3 d4 56. cxd4 c3 57. Nxc3 Nxc3 58. a3 Nd5 59. Bf2 Bh5 60. a4 Nb4 0-1

[Event "Groningen Casino op"]
[Site "Groningen"]
[Date "1988.12.29"]
[Round "8"]
[White "Estremera Panos, Sergio"]
[Black "Crawley, Gavin"]
[Result "1-0"]
[WhiteElo "2340"]
[BlackElo "2380"]
[PlyCount "119"]
[EventDate "1988.12.21"]
[EventType "swiss"]
[EventRounds "9"]
[EventCountry "NED"]
[SourceTitle "EXT 1997"]
[Source "ChessBase"]
[SourceDate "1996.11.15"]
[SourceVersion "1"]
[SourceVersionDate "1996.11.15"]
[SourceQuality "1"]

1. d4 e6 2. c4 d5 3. Nf3 c5 4. cxd5 exd5 5. Nc3 Nc6 6. g3 Nf6 7. Bg2 Be7 8. 0-0 0-0 9. Bg5 Be6 10. dxc5 Bxc5 11. Bxf6 Qxf6 12. Nxd5 Qxb2 13. Nc7 Rad8 14. Qc1 Qxc1 15. Raxc1 Be7 16. Nxe6 fxe6 17. Rc4 Rd6 18. Re4 Bf6 19. h4 b5 20. Bh3 e5 21. Rc1 a5 22. g4 g6 23. g5 Bg7 24. Rc5 Rb8 25. e3 a4 26. Bf1 b4 27. Rb5 Rdd8 28. Rc5 Rd6 29. Rb5 Ra8 30. Bc4+ Kf8 31. Rb7 Ra7 32. Rxa7 Nxa7 33. Nxe5 b3 34. axb3 a3 35. b4 Bxe5 36. Rxe5 Nc6 37. Rc5 Nxb4 38. Ra5 Rd1+ 39. Kg2 a2 40. Bxa2 Ra1 41. Ra8+ Ke7 42. Bd5 Rxa8 43. Bxa8 Nd3 44. Be4 Ne5 45. f4 Nc4 46. Kf2 Nd6 47. Bd3 Kf7 48. e4 Ne8 49. Ke3 Ng7 50. Be2 Ke7 51. Bg4 Ne8 52. Kd4 Nd6 53. Be2 Ke6 54. Bc4+ Ke7 55. Bd3 Ke6 56. Ba6 Ne8 57. Bc4+ Ke7 58. f5 gxf5 59. exf5 h6 60. Ke5 1-0

[Event "Groningen Casino op"]
[Site "Groningen"]
[Date "1988.12.28"]
[Round "7"]
[White "Romero Holmes, Alfonso"]
[Black "Crawley, Gavin"]
[Result "1-0"]
[WhiteElo "2415"]
[BlackElo "2380"]
[PlyCount "79"]
[EventDate "1988.12.21"]
[EventType "swiss"]
[EventRounds "9"]
[EventCountry "NED"]
[SourceTitle "EXT 1997"]
[Source "ChessBase"]
[SourceDate "1996.11.15"]
[SourceVersion "1"]
[SourceVersionDate "1996.11.15"]
[SourceQuality "1"]

1. d4 Nf6 2. Nf3 d5 3. c4 e6 4. g3 c5 5. cxd5 exd5 6. Bg2 Be7 7. 0-0 0-0 8. Nc3 Nc6 9. Bg5 Be6 10. dxc5 Bxc5 11. Rc1 Bb6 12. Na4 h6 13. Bxf6 Qxf6 14. Nxb6 axb6 15. Qb3 Ra6 16. a3 d4 17. Qb5 Qd8 18. Rfd1 Ra5 19. Qd3 Rd5 20. b4 Re8 21. b5 Bf5 22. Qb3 Na5 23. Qb4 d3 24. e3 Re4 25. Qe1 Rxb5 26. Nd4 Rxd4 27. exd4 Nb3 28. Rc4 Rd5 29. g4 Bg6 30. Bxd5 Qxd5 31. Qe8+ Kh7 32. Rc8 Be4 33. Rd8 Qc6 34. Qxc6 bxc6 35. f3 Bg6 36. d5 c5 37. d6 c4 38. Rc8 Nc5 39. Rxc5 bxc5 40. d7 1-0

[Event "Groningen Casino op"]
[Site "Groningen"]
[Date "1988.12.23"]
[Round "3"]
[White "Crawley, Gavin"]
[Black "Roeschlau, Bernd"]
[Result "1-0"]
[WhiteElo "2380"]
[BlackElo "2285"]
[PlyCount "51"]
[EventDate "1988.12.21"]
[EventType "swiss"]
[EventRounds "9"]
[EventCountry "NED"]
[SourceTitle "EXT 1997"]
[Source "ChessBase"]
[SourceDate "1996.11.15"]
[SourceVersion "1"]
[SourceVersionDate "1996.11.15"]
[SourceQuality "1"]

1. e4 c5 2. Nc3 d6 3. f4 g6 4. Nf3 Bg7 5. Bb5+ Nc6 6. 0-0 Nf6 7. Qe1 0-0 8. Bxc6 bxc6 9. d3 Rb8 10. Qh4 c4 11. dxc4 Rxb2 12. Bxb2 Qb6+ 13. Qf2 Qxb2 14. Qd2 Ng4 15. e5 dxe5 16. Rab1 Qa3 17. fxe5 Bh6 18. Qe1 Qc5+ 19. Kh1 Qxc4 20. Nd1 Be6 21. h3 Qxc2 22. Rb2 Qc1 23. hxg4 Bc4 24. Rff2 Rd8 25. Rfc2 Qf4 26. Rb4 1-0